000 01110nam a22003497a 4500
003 CHAP
005 20220817042828.0
008 971013s r 00010 d
010 _a56983
011 _a57955
035 _a62110
040 _cCHAP
082 _a370.972
_bS6
100 0 0 _aSolana, Fernando
_ecoord.
_9108331
245 _aHistoria de la educación pública en México
260 _aMéxico, D.F. :
_bFondo de Cultura Económica,
_c198 -
300 _av.
490 _aSEP
_v; 80
500 _aLa biblioteca tiene: v.1
590 _aBATCH-UPD
_b10
_c20130110
_lUCH01
_h0717
590 _aBATCH-UPD
_b10
_c20130410
_lUCH01
_h0402
590 _aBATCH-UPD
_b10
_c20130914
_lUCH01
_h0649
590 _aCONVERSION
_b10
_c20130109
_lUCH01
_h1331
650 1 4 _aEducación
_xHistoria
_zMéxico.
_935454
700 0 _aBolaños, Raúl.
_913487
700 0 _aCardiel Reyes, Raúl.
_918890
710 0 _aMéxico. Dirección General de Planeación Educativa.
830 0 _aSEP
_v; 80
_9104437
901 _aBK
942 _cLIBRO
949 _a370.972 S6
_bBC
_cLIBRO
_d33724000378576
_eLIBRO
_h72247
_i62110
_si
999 _c56983
_d56983